000 00818nam a2200229 a 4500
001 1549803
003 OSt
005 20140405093113.0
008 910523s1990 slv spa
040 _aDLC
_cBMC
082 _a346.0157284
110 2 _aComisión Revisora de la Legislación Salvadoreña
_915901
245 1 0 _aAnteproyecto de Código de familia
_cComisión Revisora de la Legislación Salvadoreña
260 _aSan Salvador
_bLa Comisión
_c1990
300 _aVI, 578 p.
_c25 cm
500 _aEn la port.: Impresión Cortesía de la Corte Suprema de Justicia
501 _aAdemas incluye: Documento base, Exposición de motivos
504 _aBibliografía: p. 567-578
610 1 4 _916423
_aEl Salvador
_tCódigo de familia, 1993
650 2 4 _aDerecho de familia
_zEl Salvador
_96814
942 _2ddc
_cBK
999 _c8700
_d8700